Определение некоторых тиоловых соединений в биологических объектах методом вольтамперометрии: автореферат диссертации на соискание ученой степени кандидата химических наук; спец. 02.00.02

Podrobná bibliografie
Hlavní autor: Дорожко Е. В. Елена Владимировна
Korporativní autor: Национальный исследовательский Томский политехнический университет (ТПУ)
Další autoři: Короткова Е. И. Елена Ивановна
Shrnutí:Защита сост. 8.12.2010 г.
Jazyk:ruština
Vydáno: Томск, 2010
Témata:
Médium: MixedMaterials Kniha
KOHA link:https://koha.lib.tpu.ru/cgi-bin/koha/opac-detail.pl?biblionumber=188924

MARC

LEADER 00000nam0a2200000 4500
001 188924
005 20240131164520.0
035 |a (RuTPU)RU\TPU\book\205219 
090 |a 188924 
100 |a 20101216d2010 k y0rusy50 ca 
101 0 |a rus 
102 |a RU 
105 |a a dm 001zy 
200 1 |a Определение некоторых тиоловых соединений в биологических объектах методом вольтамперометрии  |e автореферат диссертации на соискание ученой степени кандидата химических наук  |e спец. 02.00.02  |f Е. В. Дорожко  |g Национальный исследовательский Томский политехнический университет (ТПУ) ; науч. рук. Е. И. Короткова 
210 |a Томск  |d 2010 
215 |a 22 с.  |c ил. 
300 |a Защита сост. 8.12.2010 г. 
320 |a Библиогр.: с. 20-21 (13 назв.). 
452 1 |0 (RuTPU)RU\TPU\book\202986  |t Определение некоторых тиоловых соединений в биологических объектах методом вольтамперометрии  |o автореферат диссертации на соискание ученой степени кандидата химических наук   |o спец. 02.00.02  |f Е. В. Дорожко  |g Национальный исследовательский Томский политехнический университет (ТПУ) ; науч. рук. Е. И. Короткова  |c Томск  |d 2010  |a Дорожко, Елена Владимировна 
606 1 |a Биологические системы  |x Физико-химические исследования  |2 stltpush  |3 (RuTPU)RU\TPU\subj\28705  |9 52211 
606 1 |a Вольтамперометрия  |2 stltpush  |3 (RuTPU)RU\TPU\subj\3652  |9 32036 
610 1 |a тиоловые соединения 
610 1 |a свойства 
610 1 |a биологическая роль 
610 1 |a определение 
610 1 |a комплексообразующие системы 
610 1 |a комплексообразование 
610 1 |a комплексообразующие системы 
610 1 |a биологически активные вещества 
610 1 |a антиоксидантная активность 
610 1 |a окислительно-восстановительные процессы 
610 1 |a физико-химические закономерности 
610 1 |a вольтамперометрический способ 
610 1 |a спектрофотометрические методы 
610 1 |a метрологические аспекты 
610 1 |a сыворотка крови 
610 1 |a суммарное содержание 
610 1 |a авторефераты диссертаций 
610 1 |a труды учёных ТПУ 
675 |a 577.3(04)  |v 3 
675 |a 543.552(04)  |v 3 
686 |a 02.00.02  |2 oksvnk 
700 1 |a Дорожко  |b Е. В.  |c химик  |c инженер Томского политехнического университета  |f 1979-  |g Елена Владимировна  |3 (RuTPU)RU\TPU\pers\27108  |4 727  |9 12658 
702 1 |a Короткова  |b Е. И.  |c химик  |c профессор Томского политехнического университета, доктор химических наук  |f 1965-  |g Елена Ивановна  |3 (RuTPU)RU\TPU\pers\27109 
712 0 2 |a Национальный исследовательский Томский политехнический университет (ТПУ)  |c (2009- )  |3 (RuTPU)RU\TPU\col\15902 
801 1 |a RU  |b 63413507  |c 20101216 
801 2 |a RU  |b 63413507  |c 20150603  |g RCR 
942 |c BK